00356nam a2200109Ia 4500008004100000041000800041100002000049245010200069260003100171300000800202700003600210250110s9999 xx 000 0 und d aeng aHanji Madhura.  aProposed Landscape Policy Framework For Conserving The Spattial Character Of Landscape In Amboli. bBNCA M Arch LA, Punec2018 a52p aGuide Name: Sahasrabuddhe Swati